[Event "56th Rubinstein Memorial C 2020"]
[Site "Polanica Zdroj"]
[Date "2020.08.15"]
[Round "1.1"]
[White "Mackowiak, Szymon"]
[Black "Walkusz, Witoslaw"]
[Result "0-1"]
[WhiteElo "1689"]
[BlackElo "2092"]
[Annotator "ChessBase"]
[PlyCount "111"]
[EventDate "2020.08.15"]
[EventType "swiss"]
[EventCountry "POL"]
[SourceTitle "playchess.com"]
[Source "ChessBase"]
[SourceQuality "1"]
[TimeControl "40/5400+30:1800+30"]

1. d4 {[%emt 0:02:39]} Nf6 {[%emt 0:00:00]} 2. c4 {[%emt 0:00:01]} g6 {[%emt 0:00:04]} 3. Nc3 {[%emt 0:00:21]} Bg7 {[%emt 0:00:59]} 4. Nf3 {[%emt 0:00:03]} O-O {[%emt 0:01:24]} 5. Bg5 {[%emt 0:00:02]} d6 {[%emt 0:03:46]} 6. e3 {[%emt 0:00:53]} Nbd7 {[%emt 0:08:23]} 7. Be2 {[%emt 0:00:44]} Re8 {[%emt 0:10:07]} 8. O-O {[%emt 0:01:40]} c6 {[%emt 0:06:55]} 9. Qc2 {[%emt 0:00:13]} e5 {[%emt 0:03:03]} 10. Rfd1 {[%emt 0:06:55]} Qa5 {[%emt 0:09:39]} 11. a3 {[%emt 0:04:14]} e4 {[%emt 0:01:06]} 12. b4 {[%emt 0:02:45]} Qf5 {[%emt 0:01:14]} 13. Bxf6 {[%emt 0:00:12]} exf3 {[%emt 0:01:02]} 14. Qxf5 {[%emt 0:08:07]} gxf5 {[%emt 0:01:47]} 15. gxf3 {[%emt 0:00:34]} Nxf6 {[%emt 0:01:36]} 16. f4 {[%emt 0:00:30]} Ne4 {[%emt 0:03:13]} 17. Nxe4 {[%emt 0:00:30]} fxe4 {[%emt 0:00:10]} 18. c5 {[%emt 0:00:22]} Re6 {[%emt 0:07:42]} 19. Bc4 {[%emt 0:00:32]} Rg6+ {[%emt 0:00:20]} 20. Kf1 {[%emt 0:01:23]} dxc5 {[%emt 0:09:50]} 21. bxc5 {[%emt 0:00:08]} b6 {[%emt 0:02:30]} 22. f3 {[%emt 0:06:59]} Bh3+ {[%emt 0:01:32]} 23. Ke1 {[%emt 0:00:31]} Rg1+ {[%emt 0:02:47]} 24. Kf2 {[%emt 0:02:19]} Rg2+ {[%emt 0:00:23]} 25. Ke1 {[%emt 0:00:03]} exf3 {[%emt 0:01:09]} 26. Bf1 {[%emt 0:00:02]} Rg1 {[%emt 0:04:37]} 27. Kf2 {[%emt 0:00:01]} Rxf1+ {[%emt 0:00:08]} 28. Rxf1 {[%emt 0:00:02]} Bxf1 {[%emt 0:00:08]} 29. Rxf1 {[%emt 0:00:13]} bxc5 {[%emt 0:00:06]} 30. dxc5 {[%emt 0:01:16]} Rb8 {[%emt 0:03:20]} 31. Rd1 {[%emt 0:00:08]} Bf8 {[%emt 0:01:47]} 32. Rg1+ {[%emt 0:02:18]} Kh8 {[%emt 0:00:22]} 33. a4 {[%emt 0:01:20]} Rb4 {[%emt 0:00:48]} 34. f5 {[%emt 0:04:23]} f6 {[%emt 0:02:47]} 35. Rd1 {[%emt 0:00:38]} Rxa4 {[%emt 0:01:10]} 36. Rd8 {[%emt 0:00:26]} Kg7 {[%emt 0:01:13]} 37. Rc8 {[%emt 0:02:22]} Ra6 {[%emt 0:00:45]} 38. Rc7+ {[%emt 0:00:12]} Kg8 {[%emt 0:00:11]} 39. Rc8 {[%emt 0:00:15]} Kf7 {[%emt 0:00:43]} 40. Rc7+ {[%emt 0:00:00]} Be7 {[%emt 0:00:00]} 41. Kxf3 {[%emt 0:00:20]} Ra5 {[%emt 0:03:07]} 42. e4 {[%emt 0:00:40]} a6 {[%emt 0:00:51]} 43. Rxc6 {[%emt 0:00:10]} Bxc5 {[%emt 0:00:09]} 44. e5 {[%emt 0:10:43]} fxe5 {[%emt 0:00:17]} 45. Ke4 {[%emt 0:00:21]} Be7 {[%emt 0:02:40]} 46. Rc7 {[%emt 0:00:57]} Rc5 {[%emt 0:00:51]} 47. Ra7 {[%emt 0:00:06]} a5 {[%emt 0:00:24]} 48. h4 {[%emt 0:00:39]} h5 {[%emt 0:00:28]} 49. Ra6 {[%emt 0:00:13]} Bxh4 {[%emt 0:03:16]} 50. Rh6 {[%emt 0:00:06]} Bf6 {[%emt 0:01:50]} 51. Rh7+ {[%emt 0:00:19]} Kg8 {[%emt 0:01:45]} 52. Rxh5 {[%emt 0:00:02]} Rc4+ {[%emt 0:00:19]} 53. Kd5 {[%emt 0:00:06]} Rh4 {[%emt 0:00:06]} 54. Rxh4 {[%emt 0:01:01]} Bxh4 {[%emt 0:00:07]} 55. Kxe5 {[%emt 0:01:04]} Kf7 {[%emt 0:00:28]} 56. Kd4 0-1

[Event "56th Rubinstein Memorial C 2020"]
[Site "Polanica Zdroj"]
[Date "2020.08.15"]
[Round "1.2"]
[White "Adamczewski, Maciej"]
[Black "Kowalik, Waldemar"]
[Result "1-0"]
[WhiteElo "2045"]
[BlackElo "1686"]
[Annotator "ChessBase"]
[PlyCount "62"]
[EventDate "2020.08.15"]
[EventType "swiss"]
[EventCountry "POL"]
[SourceTitle "playchess.com"]
[Source "ChessBase"]
[SourceQuality "1"]
[TimeControl "40/5400+30:1800+30"]

1. d4 c5 2. d5 e5 3. Nc3 d6 4. e4 a6 5. a4 f5 6. exf5 Bxf5 7. Bd3 Bxd3 8. Qxd3 Nf6 9. Nf3 Be7 10. Ng5 Qd7 11. Ne6 Kf7 12. Ng5+ Kg8 13. f4 exf4 14. Bxf4 Qg4 15. O-O h6 16. Ne6 Nbd7 17. h3 Qh5 18. Rae1 Qf7 19. Bh2 Nf8 20. Ne4 Nxe6 21. dxe6 Qf8 22. Nxf6+ gxf6 23. Qd5 Rb8 24. Bxd6 Rd8 25. Bxe7 Qxe7 26. Qf5 Rf8 27. Rd1 Qh7 28. Qxc5 Qe4 29. Rfe1 Qxa4 30. Rd7 Qc6 31. Qe7 Ra8 1-0

[Event "56th Rubinstein Memorial C 2020"]
[Site "Polanica Zdroj"]
[Date "2020.08.15"]
[Round "1.3"]
[White "Jaworski, Tymon"]
[Black "Budnik, Mateusz"]
[Result "0-1"]
[WhiteElo "1667"]
[BlackElo "2033"]
[Annotator "ChessBase"]
[PlyCount "94"]
[EventDate "2020.08.15"]
[EventType "swiss"]
[EventCountry "POL"]
[SourceTitle "playchess.com"]
[Source "ChessBase"]
[SourceQuality "1"]
[TimeControl "40/5400+30:1800+30"]

1. e4 {[%emt 0:00:00]} c6 {[%emt 0:00:00]} 2. d4 {[%emt 0:00:13]} d5 {[%emt 0:00:00]} 3. Nd2 {[%emt 0:01:04]} dxe4 {[%emt 0:00:11]} 4. Nxe4 {[%emt 0:00:19]} Nf6 {[%emt 0:00:09]} 5. Nxf6+ {[%emt 0:01:52]} exf6 {[%emt 0:00:06]} 6. Bf4 {[%emt 0:01:01]} Bd6 {[%emt 0:00:59]} 7. Qd2 {[%emt 0:05:54]} Qe7+ {[%emt 0:00:56]} 8. Be3 {[%emt 0:06:53]} Be6 {[%emt 0:05:12]} 9. Bd3 {[%emt 0:05:33]} Nd7 {[%emt 0:01:05]} 10. Ne2 {[%emt 0:00:45]} Nb6 {[%emt 0:01:49]} 11. Ng3 {[%emt 0:04:51]} Rd8 {[%emt 0:08:49]} 12. Ne4 {[%emt 0:25:34]} Bb8 {[%emt 0:02:41]} 13. b3 {[%emt 0:05:08]} Bd5 {[%emt 0:03:12]} 14. Ng3 {[%emt 0:06:54]} g6 {[%emt 0:03:26]} 15. O-O {[%emt 0:01:04]} O-O {[%emt 0:02:17]} 16. Bf4 {[%emt 0:01:58]} Rfe8 {[%emt 0:06:18]} 17. c4 {[%emt 0:02:40]} Be6 {[%emt 0:00:07]} 18. Bc2 {[%emt 0:00:49]} Bxf4 {[%emt 0:06:14]} 19. Qxf4 {[%emt 0:00:47]} f5 {[%emt 0:00:54]} 20. h4 {[%emt 0:02:40]} Qf6 {[%emt 0:03:09]} 21. Rad1 {[%emt 0:00:55]} Kg7 {[%emt 0:06:36]} 22. Qg5 {[%emt 0:02:01]} Qxg5 {[%emt 0:02:32]} 23. hxg5 {[%emt 0:00:41]} f6 {[%emt 0:03:12]} 24. f4 {[%emt 0:03:16]} fxg5 {[%emt 0:01:54]} 25. fxg5 {[%emt 0:01:00]} Nc8 {[%emt 0:01:13]} 26. Rd2 {[%emt 0:03:21]} Nd6 {[%emt 0:03:10]} 27. Ne2 {[%emt 0:01:22]} Nf7 {[%emt 0:00:25]} 28. Nf4 {[%emt 0:00:55]} Nxg5 {[%emt 0:00:35]} 29. Re1 {[%emt 0:01:48]} Bf7 {[%emt 0:02:15]} 30. Rxe8 {[%emt 0:00:31]} Rxe8 {[%emt 0:00:21]} 31. d5 {[%emt 0:00:41]} cxd5 {[%emt 0:01:20]} 32. cxd5 {[%emt 0:00:58]} Rd8 {[%emt 0:00:55]} 33. b4 {[%emt 0:01:53]} Kf6 {[%emt 0:00:46]} 34. Bb3 {[%emt 0:00:25]} Ne4 {[%emt 0:00:34]} 35. Rc2 {[%emt 0:02:07]} g5 {[%emt 0:03:26]} 36. Ne6 {[%emt 0:00:26]} Bxe6 {[%emt 0:00:26]} 37. dxe6 {[%emt 0:00:36]} Rd1+ {[%emt 0:00:44]} 38. Kh2 {[%emt 0:01:12]} g4 {[%emt 0:00:24]} 39. g3 {[%emt 0:00:21]} Rd2+ {[%emt 0:00:25]} 40. Rxd2 {[%emt 0:00:00]} Nxd2 {[%emt 0:00:00]} 41. Bd5 {[%emt 0:00:22]} b6 {[%emt 0:00:20]} 42. Kg2 {[%emt 0:01:07]} Ne4 {[%emt 0:00:14]} 43. a3 {[%emt 0:01:00]} Ng5 {[%emt 0:00:08]} 44. Kf2 {[%emt 0:00:43]} Nxe6 {[%emt 0:00:08]} 45. Ke3 {[%emt 0:00:07]} Ke5 {[%emt 0:00:07]} 46. Bb7 {[%emt 0:00:48]} Ng5 {[%emt 0:00:24]} 47. Bg2 {[%emt 0:00:27]} Ne4 {[%emt 0:00:12]} 0-1

[Event "56th Rubinstein Memorial C 2020"]
[Site "Polanica Zdroj"]
[Date "2020.08.15"]
[Round "1.4"]
[White "Komendecki, Jacek"]
[Black "Kosior, Jan"]
[Result "1-0"]
[WhiteElo "2024"]
[BlackElo "1653"]
[Annotator "ChessBase"]
[PlyCount "31"]
[EventDate "2020.08.15"]
[EventType "swiss"]
[EventCountry "POL"]
[SourceTitle "playchess.com"]
[Source "ChessBase"]
[SourceQuality "1"]
[TimeControl "40/5400+30:1800+30"]

1. e4 c5 2. Nf3 d6 3. d4 cxd4 4. Nxd4 Nf6 5. Nc3 a6 6. Bg5 e6 7. Qf3 Be7 8. Be2 Nbd7 9. O-O-O Ne5 10. Qg3 h6 11. Be3 Ng6 12. f4 b5 13. e5 Nd7 14. Nxe6 fxe6 15. Qxg6+ Kf8 16. Bh5 1-0

[Event "56th Rubinstein Memorial C 2020"]
[Site "Polanica Zdroj"]
[Date "2020.08.15"]
[Round "1.5"]
[White "Trusz, Julia"]
[Black "Kozlowski, Pawel"]
[Result "0-1"]
[WhiteElo "1645"]
[BlackElo "1994"]
[Annotator "TA"]
[PlyCount "150"]
[EventDate "2020.08.15"]
[EventType "swiss"]
[EventCountry "POL"]
[SourceTitle "playchess.com"]
[Source "ChessBase"]
[SourceQuality "1"]

{[%evp 14,150,25,16,23,20,50,14,9,0,-8,-14,0,-29,0,-47,-49,-39,-42,-50,-48,-41,-35,-39,-21,-41,-29,-30,-26,-38,-36,-43,-28,-26,-16,-22,-22,-27,-17,-16,-3,-27,-28,-50,-43,-61,-11,-13,-12,-36,-18,-52,-39,-41,-42,-66,-77,-147,-140,-150,-147,-172,-187,-189,0,-58,-36,-131,-125,-241,-154,-282,-278,-273,-266,-222,-115,-108,-95,-94,-54,-50,0,-89,-40,-40,-39,-39,-7,-63,-35,-102,-97,-356,-130,-242,-237,-243,-226,-170,-135,-156,-146,-130,-123,-126,-114,-222,-218,-532,-503,-521,-512,-1164,-402,-422,-436,-425,-424,-959,-483,-627,-431,-412,-395,-1760,-1506,-2593,-2576,-29974,-29975,-8486,-7502,-29965,-29962,-6087,-5118,-6091,-5114]} 1. e4 d6 2. d4 Nf6 3. Nc3 g6 4. f4 Bg7 5. Nf3 O-O 6. Bd3 Na6 7. O-O c5 8. e5 Nd7 {B09: Pirc Defence: Austrian Attack.} 9. exd6 cxd4 10. dxe7 (10. Nd5 $5 {[%cal Rd6e7]} e6 11. Ne7+ Kh8 12. Ne5 $14) 10... Qxe7 {The position is equal.} 11. Re1 Qc5 12. Ne4 Qb6 13. b3 {[#]} Nac5 $146 ({Predecessor:} 13... Ndc5 14. Nxc5 Nxc5 15. Ne5 Nxd3 16. cxd3 Qa6 17. Bb2 Rd8 18. Qd2 Bf5 19. Qf2 Qd6 {½-½ (50) Cruz Ravina,F (2363)-Peralta,F (2557) Roquetas de Mar 2010}) 14. Bb2 Nxe4 15. Rxe4 {[%cal Rb2d4]} Nc5 16. Re1 Nxd3 17. cxd3 Bf5 18. Qd2 Rfe8 19. Ne5 Rad8 20. Nc4 Qa6 21. Rxe8+ Rxe8 22. Re1 Re6 (22... Rxe1+ {looks sharper.} 23. Qxe1 h5 24. Qa1 Qe6 25. Qf1 b5) 23. Rxe6 Qxe6 24. h3 h5 25. Ba3 Bh6 26. Bc5 Qd7 27. Ba3 b6 28. Bb2 Qd5 29. Na3 a6 30. Nc2 $1 Bg7 31. Qe2 Qd7 32. Ba1 Kh7 33. Bb2 a5 {[%cal Ba6a5,Ba5a4][%mdl 32]} 34. Ba1 a4 35. b4 ({White should try} 35. Qd2) 35... Qd5 36. Ne1 Qd6 37. Qd2 Bh6 $1 $36 {[%mdl 2048] Keeping White busy.} 38. Qb2 Bg7 (38... Qxf4 $19 {And now ...Qe3+ would win.} 39. Qxd4 Qxd4+ 40. Bxd4 b5) 39. Qd2 $15 b5 {Strongly threatening ...Bh6.} 40. a3 ({Better is} 40. Bb2 $1 $15) 40... Bh6 $1 $17 41. Qf2 (41. Qa2 $17 {was called for.}) 41... Qxf4 {White must now prevent ...Qc1.} 42. Qxf4 (42. Bb2 $17) 42... Bxf4 $19 {[%mdl 4096] Endgame KBB-KBN} 43. Bb2 g5 44. Kf1 g4 ({Black should play} 44... h4 $19 45. Kf2 Kg6) 45. hxg4 $17 Bxg4 {Threatens to win with ...Bd1.} 46. Nc2 Bf5 47. Ke2 Bg4+ 48. Kf1 h4 49. Nxd4 Be5 50. Bc3 Bd7 {[#]} (50... Bxd4 $5 51. Bxd4 Kg6 $15) 51. Ke2 (51. Nxb5 $1 $11 {[%mdl 512]} Bxb5 52. Bxe5) 51... Bf4 52. Bb2 (52. Bd2 $15 Be5 53. Ke3) 52... Kg6 53. Nf3 $2 {[%mdl 8192]} (53. Kf2 $17 {might work better.}) 53... Kh5 $2 (53... Bg4 $19 {and Black stays clearly on top.} 54. Kf2 Kh5) 54. Ne5 (54. Kf1 $17 {keeps fighting.}) 54... Be6 $19 55. Kf2 Bg3+ 56. Kf1 f5 57. Nf3 Kg4 58. Nd4 Bd7 59. Ne2 Bc7 60. Kf2 {[#]} (60. Bf6 $17) 60... f4 $1 61. Ng1 $2 (61. Bg7 {is tougher.}) 61... Bb6+ 62. d4 Bc6 63. Nf3 (63. Ba1 $142 Be4 64. Bb2) 63... Bd5 (63... Bxf3 $142 64. gxf3+ Kh3) 64. Ne5+ Kf5 65. Nf3 Bd8 66. Ke2 (66. Bc1 $142 Bf6 67. Bb2) 66... Bf6 67. Bc3 Bc4+ 68. Kf2 Ke4 69. Nd2+ $2 (69. Bd2 Be6 70. Bc1) 69... Kd3 70. Nxc4 Kxc4 {KB-KB} 71. Bd2 Bxd4+ 72. Kf3 Kb3 73. Kxf4 Kxa3 74. Ke4 Bf6 75. Kd3 Kb2 {Accuracy: White = 48%, Black = 66%.} 0-1

[Event "56th Rubinstein Memorial C 2020"]
[Site "Polanica Zdroj"]
[Date "2020.08.15"]
[Round "1.6"]
[White "Iwanczuk, Krzysztof"]
[Black "Wojcik, Jagoda"]
[Result "1-0"]
[WhiteElo "1977"]
[BlackElo "1640"]
[Annotator "ChessBase"]
[PlyCount "53"]
[EventDate "2020.08.15"]
[EventType "swiss"]
[EventCountry "POL"]
[SourceTitle "playchess.com"]
[Source "ChessBase"]
[SourceQuality "1"]
[TimeControl "40/5400+30:1800+30"]

1. e4 e5 2. Bc4 Nf6 3. d4 exd4 4. Nf3 {[%emt 0:00:10]} Bb4+ {[%emt 0:08:29]} 5. c3 {[%emt 0:00:15]} dxc3 {[%emt 0:03:24]} 6. bxc3 {[%emt 0:00:05]} Ba5 {[%emt 0:06:29]} 7. e5 {[%emt 0:00:20]} d5 {[%emt 0:04:55]} 8. exf6 {[%emt 0:04:15]} dxc4 {[%emt 0:08:32]} 9. Qa4+ {[%emt 0:00:10]} Nc6 {[%emt 0:02:17]} 10. fxg7 {[%emt 0:00:46]} Qe7+ {[%emt 0:01:40]} 11. Be3 {[%emt 0:00:29]} Rg8 {[%emt 0:02:43]} 12. Nd4 {[%emt 0:00:24]} Qf6 {[%emt 0:10:35]} 13. O-O {[%emt 0:03:36]} Bd7 {[%emt 0:16:33]} 14. Nxc6 {[%emt 0:03:05]} Bxc6 {[%emt 0:01:42]} 15. Qxa5 {[%emt 0:00:50]} Rxg7 {[%emt 0:04:11]} 16. f3 {[%emt 0:06:07]} Bxf3 {[%emt 0:05:06]} 17. g3 {[%emt 0:00:57]} b6 {[%emt 0:17:56]} 18. Qa3 {[%emt 0:05:37]} Qc6 {[%emt 0:01:47]} 19. Bd4 {[%emt 0:03:58]} Rg6 {[%emt 0:00:53]} 20. Nd2 {[%emt 0:00:20]} Bd5 {[%emt 0:00:38]} 21. Rae1+ {[%emt 0:00:59]} Re6 {[%emt 0:00:04]} 22. Bf6 {[%emt 0:01:38]} Kd7 {[%emt 0:00:31]} 23. Bg5 {[%emt 0:02:16]} Bh1 {[%emt 0:00:24]} 24. Rxf7+ {[%emt 0:00:00]} Kc8 {[%emt 0:00:25]} 25. Qa6+ {[%emt 0:00:12]} Qb7 {[%emt 0:02:20]} 26. Qxb7+ {[%emt 0:00:08]} Kxb7 {[%emt 0:00:03]} 27. Rxe6 {[%emt 0:00:07]} 1-0

[Event "56th Rubinstein Memorial C 2020"]
[Site "Polanica Zdroj"]
[Date "2020.08.15"]
[Round "1.7"]
[White "Karut, Kacper"]
[Black "Mazalon, Mariusz"]
[Result "0-1"]
[WhiteElo "1638"]
[BlackElo "1963"]
[Annotator "ChessBase"]
[PlyCount "70"]
[EventDate "2020.08.15"]
[EventType "swiss"]
[EventCountry "POL"]
[SourceTitle "playchess.com"]
[Source "ChessBase"]
[SourceQuality "1"]
[TimeControl "40/5400+30:1800+30"]

1. e4 c5 2. Nf3 g6 3. d4 Bg7 4. c4 Na6 5. Be3 d6 6. Nc3 Nf6 7. dxc5 Qa5 8. Qa4+ Qxa4 9. Nxa4 Nxe4 10. cxd6 Bd7 11. Bd3 Nxd6 12. Nc3 Nb4 13. O-O-O Bxc3 14. bxc3 Nxd3+ 15. Rxd3 Nxc4 16. Bd4 f6 17. Re1 Rf8 18. Bc5 Rf7 19. Rd4 Na5 20. Rde4 e5 21. Nxe5 fxe5 22. Rxe5+ Kd8 23. Be7+ Kc7 24. Rxa5 Rxf2 25. Rg1 b6 26. Ra3 Bf5 27. g4 Bd3 28. Bh4 Re2 29. h3 Rae8 30. Bg3+ Kc6 31. Rxa7 Rc2+ 32. Kd1 Ree2 33. Bf4 Rb2 34. Rg3 Rb1+ 35. Bc1 Rc2 0-1

[Event "56th Rubinstein Memorial C 2020"]
[Site "Polanica Zdroj"]
[Date "2020.08.15"]
[Round "1.8"]
[White "Kawalko, Adam"]
[Black "Plichta, Krzysztof"]
[Result "1-0"]
[WhiteElo "1950"]
[BlackElo "1636"]
[Annotator "ChessBase"]
[PlyCount "41"]
[EventDate "2020.08.15"]
[EventType "swiss"]
[EventCountry "POL"]
[SourceTitle "playchess.com"]
[Source "ChessBase"]
[SourceQuality "1"]
[TimeControl "40/5400+30:1800+30"]

1. e4 c6 {[%emt 0:00:00]} 2. d4 {[%emt 0:00:04]} d5 {[%emt 0:00:00]} 3. Nc3 dxe4 {[%emt 0:00:03]} 4. Nxe4 {[%emt 0:00:50]} Bf5 {[%emt 0:00:00]} 5. Ng3 {[%emt 0:00:31]} Bg6 {[%emt 0:00:11]} 6. h4 {[%emt 0:00:42]} h6 {[%emt 0:02:11]} 7. Nh3 {[%emt 0:02:20]} e6 {[%emt 0:01:11]} 8. Nf4 {[%emt 0:01:45]} Bh7 {[%emt 0:04:54]} 9. Bc4 {[%emt 0:06:36]} Nf6 {[%emt 0:00:30]} 10. Ngh5 {[%emt 0:00:30]} Nbd7 {[%emt 0:05:37]} 11. c3 {[%emt 0:02:27]} Nxh5 {[%emt 0:03:02]} 12. Nxh5 {[%emt 0:01:02]} Nf6 {[%emt 0:08:36]} 13. Bf4 {[%emt 0:02:04]} Nd5 {[%emt 0:02:11]} 14. Be5 {[%emt 0:06:36]} Qa5 {[%emt 0:09:44]} 15. Qf3 {[%emt 0:26:20]} f6 {[%emt 0:20:47]} 16. Bxf6 {[%emt 0:09:57]} Nxf6 {[%emt 0:03:22]} 17. Nxf6+ gxf6 {[%emt 0:02:15]} 18. Qxf6 {[%emt 0:00:25]} Rg8 {[%emt 0:01:04]} 19. Qxe6+ {[%emt 0:01:45]} Kd8 {[%emt 0:01:47]} 20. Qf7 {[%emt 0:05:20]} Bg7 {[%emt 0:01:21]} 21. Be6 1-0

[Event "56th Rubinstein Memorial C 2020"]
[Site "Polanica Zdroj"]
[Date "2020.08.15"]
[Round "1.9"]
[White "Siekanska, Zuzanna"]
[Black "Janzer, Hubert"]
[Result "0-1"]
[WhiteElo "1633"]
[BlackElo "1892"]
[Annotator "NA"]
[PlyCount "119"]
[EventDate "2020.08.15"]
[EventType "swiss"]
[EventCountry "POL"]
[SourceTitle "playchess.com"]
[Source "ChessBase"]
[SourceQuality "1"]
[TimeControl "40/5400+30:1800+30"]

1. d4 Nf6 2. c4 c5 3. d5 b5 4. Nf3 d6 5. Qc2 g6 6. e4 Bg7 7. h3 O-O 8. Bf4 {[%emt 0:03:29]} Nfd7 9. Nc3 bxc4 10. Bxc4 Nb6 11. Be2 N8d7 12. O-O f5 13. exf5 Rxf5 14. Bg3 Ne5 15. Bxe5 dxe5 16. Ne4 Bb7 17. Rfd1 Bxd5 18. Qxc5 e6 19. Qe3 Qf8 20. Ng3 Bh6 21. Qa3 Rf4 22. Rf1 Qxa3 23. bxa3 Rc8 24. Nxe5 Ra4 25. Bf3 Rxa3 26. Bxd5 exd5 27. Ng4 Bd2 28. Ne2 Rc2 29. Nd4 Rcxa2 30. Rad1 Nc4 31. Ne6 Kf7 32. Nc7 Ra5 33. Rb1 Rb2 34. Ne5+ Kf6 35. Nxc4 Rxb1 36. Nxd5+ Rxd5 37. Rxb1 Bf4 38. g3 Bc7 39. Ra1 a5 40. Kg2 Rc5 41. Ra4 Ke6 42. Kf3 Kd5 43. Ne3+ Kc6 44. Rh4 h5 45. Re4 Kb5 46. Ke2 a4 47. Kd3 a3 48. Nc2 a2 49. Re1 Be5 50. Na1 Ka4 51. f4 Bb2 52. g4 Rc3+ 53. Kd2 Rc4 54. gxh5 gxh5 55. f5 Bxa1 56. Rxa1 Kb3 57. Kd3 Rf4 58. Re1 Rxf5 59. Ke4 Rf2 60. Kd4 0-1

[Event "56th Rubinstein Memorial C 2020"]
[Site "Polanica Zdroj"]
[Date "2020.08.15"]
[Round "1.10"]
[White "Lewandrowski, Tomasz"]
[Black "Findysz, Tomasz"]
[Result "1-0"]
[WhiteElo "1879"]
[BlackElo "1633"]
[Annotator "NA"]
[PlyCount "67"]
[EventDate "2020.08.15"]
[EventType "swiss"]
[EventCountry "POL"]
[SourceTitle "playchess.com"]
[Source "ChessBase"]
[SourceQuality "1"]
[TimeControl "40/5400+30:1800+30"]

1. e4 {[%emt 0:00:00]} c6 {[%emt 0:00:00]} 2. d4 {[%emt 0:00:00]} d5 {[%emt 0:00:00]} 3. Nc3 {[%emt 0:00:00]} dxe4 {[%emt 0:00:00]} 4. Nxe4 {[%emt 0:00:04]} Nd7 {[%emt 0:00:08]} 5. Nf3 {[%emt 0:01:07]} Ngf6 {[%emt 0:00:20]} 6. Ng3 {[%emt 0:01:08]} e6 {[%emt 0:00:24]} 7. Bd3 {[%emt 0:02:30]} c5 {[%emt 0:01:44]} 8. c3 {[%emt 0:01:19]} cxd4 {[%emt 0:01:00]} 9. Nxd4 {[%emt 0:02:02]} Bc5 {[%emt 0:02:33]} 10. O-O {[%emt 0:01:49]} O-O {[%emt 0:04:56]} 11. Qc2 {[%emt 0:12:39]} a6 {[%emt 0:05:15]} 12. a4 {[%emt 0:03:26]} Qc7 {[%emt 0:07:35]} 13. Nf3 {[%emt 0:09:12]} b6 {[%emt 0:05:13]} 14. Ne4 {[%emt 0:07:53]} Be7 {[%emt 0:08:46]} 15. Bg5 {[%emt 0:01:59]} g6 {[%emt 0:12:00]} 16. Bh4 {[%emt 0:03:09]} Bb7 {[%emt 0:04:50]} 17. Bg3 {[%emt 0:00:43]} e5 {[%emt 0:03:00]} 18. Nxf6+ {[%emt 0:05:36]} Bxf6 {[%emt 0:00:30]} 19. Be4 {[%emt 0:01:15]} Rfe8 {[%emt 0:08:07]} 20. Rfe1 {[%emt 0:02:50]} Rac8 {[%emt 0:07:23]} 21. Rad1 {[%emt 0:04:10]} Re7 {[%emt 0:07:00]} 22. h4 {[%emt 0:04:06]} Bxe4 {[%emt 0:02:38]} 23. Qxe4 {[%emt 0:00:22]} Qc6 {[%emt 0:01:40]} 24. Qxc6 {[%emt 0:07:34]} Rxc6 {[%emt 0:00:08]} 25. Rd5 {[%emt 0:00:08]} Nc5 {[%emt 0:04:12]} 26. a5 {[%emt 0:02:56]} bxa5 {[%emt 0:01:20]} 27. Bxe5 {[%emt 0:03:25]} a4 {[%emt 0:05:54]} 28. Bxf6 {[%emt 0:01:04]} Rxe1+ {[%emt 0:01:10]} 29. Nxe1 {[%emt 0:00:02]} Rxf6 {[%emt 0:01:02]} 30. Rxc5 {[%emt 0:00:09]} Rb6 {[%emt 0:00:10]} 31. Ra5 {[%emt 0:01:14]} Rxb2 {[%emt 0:00:36]} 32. Rxa4 {[%emt 0:00:14]} Rb3 {[%emt 0:00:13]} 33. c4 {[%emt 0:00:20]} Kf8 {[%emt 0:00:17]} 34. Rxa6 {[%emt 0:00:10]} 1-0

[Event "56th Rubinstein Memorial C 2020"]
[Site "Polanica Zdroj"]
[Date "2020.08.15"]
[Round "1.11"]
[White "Komendecki, Antoni"]
[Black "Raclawicki, Kacper"]
[Result "1-0"]
[WhiteElo "1631"]
[BlackElo "1879"]
[Annotator "NA"]
[PlyCount "95"]
[EventDate "2020.08.15"]
[EventType "swiss"]
[EventCountry "POL"]
[SourceTitle "playchess.com"]
[Source "ChessBase"]
[SourceQuality "1"]
[TimeControl "40/5400+30:1800+30"]

1. e4 {[%emt 0:00:00]} g6 {[%emt 0:03:09]} 2. d4 {[%emt 0:00:00]} Bg7 {[%emt 0:00:16]} 3. Nf3 {[%emt 0:00:09]} d6 {[%emt 0:00:12]} 4. Nc3 {[%emt 0:00:17]} Nf6 {[%emt 0:00:32]} 5. Be3 {[%emt 0:00:53]} O-O {[%emt 0:01:23]} 6. Qd2 {[%emt 0:00:53]} Ng4 {[%emt 0:02:57]} 7. Bg5 {[%emt 0:01:22]} h6 {[%emt 0:04:44]} 8. Bf4 {[%emt 0:01:47]} e5 {[%emt 0:00:58]} 9. dxe5 {[%emt 0:00:55]} dxe5 {[%emt 0:00:43]} 10. Qxd8 {[%emt 0:00:51]} Rxd8 {[%emt 0:00:09]} 11. Bg3 {[%emt 0:00:19]} Be6 {[%emt 0:14:45]} 12. h3 {[%emt 0:01:55]} Nf6 {[%emt 0:00:28]} 13. Bxe5 {[%emt 0:00:58]} c5 {[%emt 0:06:14]} 14. Bd3 {[%emt 0:03:42]} Nc6 {[%emt 0:00:59]} 15. Bg3 {[%emt 0:00:28]} Nb4 {[%emt 0:06:42]} 16. O-O-O {[%emt 0:02:35]} Nxa2+ {[%emt 0:18:02]} 17. Nxa2 {[%emt 0:00:19]} Bxa2 {[%emt 0:00:03]} 18. b3 {[%emt 0:01:16]} c4 {[%emt 0:02:33]} 19. Bxc4 {[%emt 0:03:31]} Nxe4 {[%emt 0:02:37]} 20. Rxd8+ {[%emt 0:00:28]} Rxd8 {[%emt 0:00:32]} 21. Be5 {[%emt 0:00:07]} b5 {[%emt 0:04:57]} 22. Bxb5 {[%emt 0:01:46]} Bxe5 23. Nxe5 {[%emt 0:00:17]} Rd5 {[%emt 0:01:00]} 24. Re1 {[%emt 0:08:31]} Rxe5 {[%emt 0:02:00]} 25. Bd3 {[%emt 0:00:04]} Bxb3 {[%emt 0:02:21]} 26. Rxe4 {[%emt 0:01:05]} Rc5 {[%emt 0:05:36]} 27. c4 {[%emt 0:01:02]} a5 {[%emt 0:01:00]} 28. Kb2 {[%emt 0:00:31]} a4 {[%emt 0:01:01]} 29. Ka3 {[%emt 0:01:38]} Kg7 {[%emt 0:02:49]} 30. Kb4 {[%emt 0:01:08]} Rc7 {[%emt 0:00:49]} 31. c5 {[%emt 0:00:26]} Rb7+ {[%emt 0:01:50]} 32. Ka5 {[%emt 0:01:21]} a3 {[%emt 0:02:04]} 33. Re1 {[%emt 0:01:21]} a2 {[%emt 0:00:58]} 34. Ra1 {[%emt 0:00:34]} Bd5 {[%emt 0:01:34]} 35. Bb5 {[%emt 0:00:58]} Ra7+ {[%emt 0:04:28]} 36. Kb6 {[%emt 0:00:14]} Ra3 {[%emt 0:01:06]} 37. c6 {[%emt 0:02:18]} Bxg2 {[%emt 0:00:59]} 38. c7 {[%emt 0:01:38]} Bxh3 {[%emt 0:00:42]} 39. Bc4 {[%emt 0:13:50]} Rc3 {[%emt 0:03:18]} 40. Bxa2 {[%emt 0:00:00]} Rc2 {[%emt 0:00:00]} 41. f3 {[%emt 0:02:55]} Bg2 {[%emt 0:16:02]} 42. Bd5 {[%emt 0:00:49]} h5 {[%emt 0:01:02]} 43. Ra2 {[%emt 0:05:13]} Rxa2 {[%emt 0:01:15]} 44. c8=Q {[%emt 0:00:03]} Rb2+ {[%emt 0:00:49]} 45. Ka5 {[%emt 0:00:41]} Re2 {[%emt 0:00:47]} 46. Qc7 {[%emt 0:01:19]} h4 {[%emt 0:00:28]} 47. Qxf7+ {[%emt 0:00:15]} Kh6 {[%emt 0:00:01]} 48. Qf4+ {[%emt 0:00:19]} 1-0